Middle Letter Geography Quiz Stats

Quiz Updated Jul 20, 2012

Challenge
Share
Tweet
Embed
Score 0/17 Timer 04:00
2 Plays Today
Middle Letter Country or Capital % Correct
ASpain/Ghana/Italy/Praia/Dhaka
90.9%
IHaiti/Chile/China/Quito/Cairo
90.6%
PNepal/Japan/La Paz
83.4%
RSyria/Yaren/Paris
78.8%
NKenya/Benin/Tonga/Tunis/Sanaa/Minsk/Hanoi
78.5%
MSamoa/Yemen/Amman
78.4%
DIndia/Sudan/Vaduz
75.8%
BGabon/Libya/Rabat/Kabul
72.4%
LPalau/Malta
60.9%
Middle Letter Country or Capital % Correct
YEgypt
58.1%
KTokyo/Dakar
53.8%
UNauru/Abuja
52.5%
TQatar
49.5%
GNiger
48.3%
CAccra/Sucre
30.3%
FSofia
28.6%
OSeoul
24.1%

You're not logged in!

Compare scores with friends on all Sporcle quizzes.
Sign Up with Email
OR
Log In

You Might Also Like...

Show Comments

Extras

Top Quizzes Today


Score Distribution

Your Account Isn't Verified!

In order to create a playlist on Sporcle, you need to verify the email address you used during registration. Go to your Sporcle Settings to finish the process.